| 000 | 01274nam a2200349 a 4500 | ||
|---|---|---|---|
| 999 |
_c452663 _d452663 |
||
| 003 | BLK | ||
| 005 | 20250314142944.0 | ||
| 008 | 180411b bul|||||r ||||||| ||bul|| | ||
| 010 | _aKNG00203930000 | ||
| 020 | _a9786191644469 | ||
| 040 | _aBLK | ||
| 041 |
_aBUL _cBUL |
||
| 080 |
_aИспанска литература _b821.134.2 _x-9 _z821.134.2-9 |
||
| 100 | 1 |
_aМорато, Кристина _eпърви автор _999065 |
|
| 139 |
_aМорато, Кристина _bМ 89 |
||
| 245 | 1 | 0 |
_aБогините на Холивуд _cКристина Морато ; прев. от исп. Светослава Славчева. |
| 257 | _aSPA | ||
| 260 |
_aСофия _bEnthusiast _c2022 |
||
| 300 |
_a512 с. _bс портр. _c24 см |
||
| 380 | _aX | ||
| 500 | _aОриг. загл. diosas de Hollywood / Cristina Morato. | ||
| 504 | _aБиблиогр. с. 509-511. | ||
| 650 | 7 |
_aКиноартисти _9158544 |
|
| 653 | _aжени | ||
| 653 | _aбиографии | ||
| 700 |
_aСлавчева, Светослава Василева _eпрев. от исп. _9472206 |
||
| 852 | _bП | ||
| 852 |
_aЦб 313908 _bЦб |
||
| 942 |
_cKNG _n0 _043 _s1 |
||
| 944 |
_aCR _c2022-04-08 _k30576 _lЦветомила Тодорова |
||
| 944 |
_aED _c2022-09-07 _kГГГ |
||